000 00368nam a22001337a 4500
005 20250910104700.0
008 250910b |||||||| |||| 00| 0 eng d
020 _a9780892749140
100 _aCAPPS CHARLES
245 _aFAITH AND CONFESISION;
_bHOW TO ACTIVATE THEM IN YOUR LIFE
260 _aTULSA
_bHARRISON HOUSE, INC.
_cc1987
300 _a315p
942 _2lcc
_cBK
_n0
999 _c7503
_d7503